Statistics for Arsenal Champions League XIs

Click here to take the quiz!

General Stats

  • This quiz has been taken 829 times
    (742 since last reset)
  • The average score is 42 of 80

Answer Stats

Player% Correct
Thierry Henry
97%
Dennis Bergkamp
89%
Patrick Vieira
88%
Mesut Özil
85%
Jens Lehmann
84%
Petr Čech
84%
Robert Pirès
84%
Sol Campbell
83%
Olivier Giroud
82%
Robin van Persie
81%
Alexis Sánchez
80%
Ashley Cole
80%
Cesc Fàbregas
80%
David Seaman
79%
Laurent Koscielny
79%
Per Mertesacker
78%
Theo Walcott
75%
Wojciech Szczęsny
75%
Bacary Sagna
72%
Fredrik Ljungberg
72%
Kolo Touré
71%
Aaron Ramsey
68%
Héctor Bellerín
68%
Jack Wilshere
68%
Gilberto Silva
67%
Gaël Clichy
65%
Santi Cazorla
65%
Tony Adams
65%
Andrey Arshavin
61%
David Ospina
61%
Manuel Almunia
60%
Mikel Arteta
58%
Łukasz Fabiański
57%
Emmanuel Adebayor
57%
Lauren
56%
Alex Oxlade-Chamberlain
55%
Kieran Gibbs
55%
Nacho Monreal
55%
Samir Nasri
55%
Granit Xhaka
54%
Nicolas Anelka
54%
Shkodran Mustafi
54%
Tomáš Rosický
53%
William Gallas
53%
Emmanuel Petit
52%
Lukas Podolski
48%
Mathieu Flamini
46%
Martin Keown
45%
Danny Welbeck
44%
José Antonio Reyes
44%
Lee Dixon
44%
Abou Diaby
43%
Marc Overmars
43%
Sylvain Wiltord
43%
Ray Parlour
42%
Thomas Vermaelen
42%
Alex Song
41%
Alexander Hleb
40%
Francis Coquelin
40%
Emmanuel Eboué
39%
Edu
36%
Nigel Winterburn
36%
Nwankwo Kanu
34%
Calum Chambers
30%
Marouane Chamakh
30%
Alex Iwobi
29%
Philippe Senderos
28%
Denilson
24%
Gervinho
23%
Johan Djourou
23%
Sébastien Squillaci
22%
Carl Jenkinson
20%
Gabriel
17%
Pascal Cygan
17%
Vito Mannone
17%
Alex Manninger
16%
Giovanni van Bronckhorst
16%
André Santos
15%
Gilles Grimandi
14%
Christopher Wreh
11%

Score Distribution

Percentile by Number Answered

Percent of People with Each Score

Your Score History

You have not taken this quiz since the last reset